[Event "Hunan Belt and Road Open 2019"]
[Site "Hunan"]
[Date "2019.07.30"]
[Round "2.1"]
[White "Lu, Shanglei"]
[Black "Wang, Hao"]
[Result "1/2-1/2"]
[WhiteElo "2619"]
[BlackElo "2725"]
[Annotator "TA"]
[PlyCount "41"]
[EventDate "2019.07.29"]
[EventType "swiss"]
[EventCountry "CHN"]
[SourceTitle "playchess.com"]
[Source "ChessBase"]
[SourceQuality "1"]

{[%evp 12,41,27,19,27,0,0,0,27,0,0,0,6,12,0,0,12,3,9,-4,-3,-8,-16,-12,10,-15,-15,-15,-16,-22,-14,-38]} 1. e4 c6 2. Nc3 d5 3. Nf3 Bg4 4. h3 Bxf3 5. Qxf3 Nf6 6. d3 e6 7. Bd2 Qb6 {B11: Caro-Kann: Two Knights Variation} (7... Nbd7 8. g4 h6 9. h4 Qb6 10. Be2 d4 11. Nd1 O-O-O 12. Qg3 Bb4 13. c3 Be7 14. cxd4 Qxd4 15. Bc3 Bb4 16. O-O Bxc3 17. bxc3 {0-1 (78) Lu,S (2570)-Wang,H (2713) China 2015}) 8. Na4 $146 ({Predecessor:} 8. O-O-O d4 9. Ne2 c5 10. e5 Nd5 11. Nf4 Nb4 12. Kb1 Nd7 13. Qe4 Nc6 14. Nh5 O-O-O 15. f4 {0-1 (29) Karjakin,S (2760)-Esipenko,A (2564) Riadh 2017}) 8... Qd4 9. Nc3 Qb6 10. Na4 Qc7 {The position is equal.} 11. Nc3 d4 12. Ne2 c5 13. g4 Nc6 14. g5 Nd7 15. Qg3 Bd6 16. f4 Nb4 17. Kd1 O-O-O 18. b3 h6 19. g6 f5 20. e5 Be7 21. Qf3 {Accuracy: White = 50%, Black = 87%.} 1/2-1/2

[Event "Hunan Belt and Road Open 2019"]
[Site "Hunan"]
[Date "2019.07.30"]
[Round "2.2"]
[White "Anton Guijarro, David"]
[Black "Li, Di"]
[Result "1/2-1/2"]
[WhiteElo "2678"]
[BlackElo "2523"]
[Annotator "TA"]
[PlyCount "67"]
[EventDate "2019.07.29"]
[EventType "swiss"]
[EventCountry "CHN"]
[SourceTitle "playchess.com"]
[Source "ChessBase"]
[SourceQuality "1"]

{[%evp 14,67,17,15,9,9,9,9,16,0,0,9,14,4,12,8,7,6,7,7,12,11,7,9,47,58,57,43,33,36,31,29,31,0,0,0,0,0,0,0,0,0,0,0,0,0,13,0,18,0,0,0,0,0,0,-3]} 1. c4 e6 2. g3 d5 3. Bg2 Nf6 4. Nf3 dxc4 5. Qa4+ c6 6. Qxc4 b5 7. Qc2 Bb7 8. O-O Nbd7 {A13: English Opening: 1...e6} 9. d3 Rc8 10. a4 Be7 11. Rd1 O-O 12. e4 a6 13. Nc3 {[#]} b4 $146 ({Predecessor:} 13... Qb6 14. Be3 c5 15. axb5 axb5 16. h3 {½-½ (75) Almasi,Z (2707)-Robson,R (2539) Lubbock 2010}) 14. Nb1 {[%cal Bc3b1,Bb1d2,Bd2c4][%mdl 32]} c5 15. Nbd2 Nb8 16. Nc4 Nc6 17. Qe2 Nd7 18. Be3 Nb6 19. d4 cxd4 20. Nxd4 Nxc4 21. Nxc6 Qe8 22. Nxe7+ Qxe7 23. Bd4 e5 {The position is equal.} 24. Rac1 a5 25. Be3 ({Don't play} 25. Rxc4 Ba6 $17) 25... Qe6 26. h4 h6 27. Kh2 {[#] Strongly threatening Bh3.} Nxe3 28. Qxe3 Qa2 29. b3 Qb2 {...Rc3 is the strong threat.} 30. Rb1 Qc2 31. Rdc1 Qa2 32. Qb6 Rxc1 33. Rxc1 Bc8 34. Qxa5 {Accuracy: White = 88%, Black = 84%.} 1/2-1/2

[Event "Hunan Belt and Road Open 2019"]
[Site "Hunan"]
[Date "2019.07.30"]
[Round "2.3"]
[White "Narayanan.S.L"]
[Black "Cheparinov, Ivan"]
[Result "0-1"]
[WhiteElo "2616"]
[BlackElo "2666"]
[Annotator "TA"]
[PlyCount "110"]
[EventDate "2019.07.29"]
[EventType "swiss"]
[EventCountry "CHN"]
[SourceTitle "playchess.com"]
[Source "ChessBase"]
[SourceQuality "1"]

{[%evp 19,110,12,16,14,13,9,12,10,14,0,44,0,0,0,0,0,0,-2,0,-12,-12,-17,-17,-48,-40,-50,-47,-39,-35,-38,-39,-80,-16,-61,-54,-56,-56,-64,-67,-80,-65,-82,-82,-101,-94,-89,-89,-89,-89,-89,-75,-69,-74,-92,-89,-89,-89,-89,-89,-89,-89,-104,-106,-120,-121,-153,-154,-151,-143,-197,-198,-223,-236,-287,-289,-237,-188,-191,-190,-282,-276,-251,-277,-249,-262,-303,-288,-283,-251,-460,-456,-558,-547]} 1. d4 Nf6 2. c4 g6 3. Nc3 d5 4. Nf3 Bg7 5. cxd5 Nxd5 6. e4 Nxc3 7. bxc3 c5 8. Be3 Qa5 9. Qd2 O-O 10. Rc1 Rd8 11. h4 {D85: Exchange Grünfeld: Unusual White 7th moves and lines with 7 Nf3} (11. d5 e6 12. Bg5 f6 13. Be3 Nc6 14. h4 exd5 15. exd5 Bg4 16. Be2 c4 17. Bxc4 Bxf3 18. gxf3 Ne5 19. Be2 Qxd5 20. Qxd5+ Rxd5 {½-½ (40) Akobian,V (2625)-So,W (2762) Saint Louis 2019}) 11... cxd4 12. cxd4 Qxd2+ 13. Bxd2 {The position is equal.} Na6 $146 ({Predecessor:} 13... Bg4 14. d5 Na6 15. Bxa6 bxa6 16. Bf4 Rac8 17. Kd2 Bxf3 18. gxf3 e6 19. Rxc8 Rxc8 20. dxe6 fxe6 {½-½ (41) Nilsson,S (2512)-Kristjansson,A (2475) ICCF email 2015}) 14. Bc4 Bd7 15. Rb1 Rac8 16. Be2 Bc6 17. d5 Bd7 18. Ba5 {aiming for Bxa6.} Re8 19. O-O Nc5 20. Rfe1 Ba4 $36 {[%mdl 2048] Black has good play.} 21. Bb5 Bxb5 22. Rxb5 b6 23. Bd2 e6 24. d6 e5 25. a4 Nd7 (25... Red8 $17) 26. Rb3 Rc6 27. a5 Bf8 28. axb6 axb6 29. Bb4 Bxd6 30. Rd1 Nc5 31. Bxc5 Bxc5 32. Rd7 Rce6 33. g3 h5 34. Kg2 R6e7 35. Rd5 f6 36. Nd2 Ra8 37. Rf3 Kg7 38. Nb3 Ba3 39. Rc3 Ra4 40. Kf3 Rb7 41. Rb5 {[#]} Rb4 $1 {[%cal Rb4b5]} 42. Rd5 Bb2 43. Re3 Rc7 44. Rdd3 (44. Red3 $17) 44... Kf7 $19 45. Kg2 Ke6 46. f3 Rc2+ 47. Kf1 Rbc4 48. Re2 f5 49. exf5+ (49. Rxc2 $142 Rxc2 50. Rd5) 49... gxf5 50. Rd8 Rxe2 51. Kxe2 {[#]} Rc2+ $1 52. Ke1 Bc3+ 53. Kd1 Rf2 54. Rb8 $2 (54. Rd3 {might work better.} Bb4 55. Nc1) 54... Kd5 55. Rxb6 Kc4 {Accuracy: White = 34%, Black = 83%.} 0-1

[Event "Hunan Belt and Road Open 2019"]
[Site "Hunan"]
[Date "2019.07.30"]
[Round "2.4"]
[White "Lagno, Kateryna"]
[Black "Ganguly, Surya Shekhar"]
[Result "0-1"]
[WhiteElo "2549"]
[BlackElo "2638"]
[Annotator "TA"]
[PlyCount "108"]
[EventDate "2019.07.29"]
[EventType "swiss"]
[EventCountry "CHN"]
[SourceTitle "playchess.com"]
[Source "ChessBase"]
[SourceQuality "1"]

{[%evp 13,108,0,17,0,0,0,0,0,0,-49,-48,-41,-43,-39,-9,-77,-17,-31,0,0,0,0,0,0,2,0,0,0,0,-99,-98,-88,-88,-90,-89,-129,-90,-117,-116,-88,-88,-88,-89,-167,-162,-165,-150,-165,-124,-110,-80,-132,-80,-127,-129,-111,-8,-9,-8,-8,-8,-8,-14,-15,-16,-99,-99,-99,-71,-169,-157,-153,-146,-155,-129,-508,-488,-570,-550,-527,-373,-495,-494,-1606,-1602,-1022,-962,-6176,-5983,-5612,-4627,-29973,-29974,-29972,-29968,-9001,-5624]} 1. e4 e6 2. d4 d5 3. Nc3 Bb4 4. e5 c5 5. a3 Bxc3+ 6. bxc3 Ne7 7. Qg4 cxd4 8. Bd3 {C18: French: 3 Nc3 Bb4: Main line: 7 h4 and 7 Qg4} (8. Qxg7 Rg8 9. Qxh7 Qc7 10. Ne2 Nbc6 11. f4 dxc3 12. Nxc3 Nd4 13. Bb2 Bd7 14. O-O-O Qb6 15. Qd3 Ndf5 16. Rd2 Rc8 17. g3 Ne3 18. Ne4 Rxc2+ 19. Rxc2 dxe4 20. Qxe4 Nxc2 21. Qxc2 {½-½ (31) Giri,A (2752)-Carlsen,M (2834) Wijk aan Zee 2018}) 8... Qa5 9. Ne2 O-O 10. Bg5 {The position is equal.} Ng6 11. Qg3 (11. f4 $5 {[%cal Rh2h4]}) 11... Nd7 12. h4 dxc3 13. f4 h5 $1 14. Qe3 (14. Qh3 $11 {keeps the balance.}) 14... Qb6 (14... Re8 $17 15. Rb1 Nc5 16. Bxg6 fxg6 17. Qxc3 Qxc3+ 18. Nxc3 Bd7) 15. Nd4 $11 Nc5 16. g4 $146 Nxd3+ (16... hxg4 17. h5 $16) 17. Qxd3 Bd7 (17... hxg4 $6 18. h5 $16) 18. gxh5 f6 $1 $132 {[%cal Rf6g5][%mdl 2048] Black is not keeping still} 19. exf6 Nxf4 $1 {[%mdl 64] Decoy} 20. Bxf4 e5 $1 {[%cal Re5f4]} 21. Bg5 (21. Bxe5 $11 {remains equal.} Rae8 22. O-O Rxe5 23. Rab1 (23. fxg7 $2 Rxf1+ 24. Kxf1 Re4 $19)) 21... Qxd4 $17 ({Don't play} 21... exd4 $6 22. O-O $11) 22. Qxd4 ({Not} 22. fxg7 $2 Qf2+ 23. Kd1 Rf3 $19) 22... exd4 23. O-O-O gxf6 24. Bf4 Bf5 25. Rxd4 Be4 26. Rg1+ Kh7 27. Rg3 Rac8 28. Rd1 (28. Rb4 $17) 28... Rg8 $19 29. Rdg1 Rxg3 30. Rxg3 {[%mdl 4096] Endgame KRB-KRB} d4 31. h6 Re8 {...Bg6 is the strong threat.} 32. Rg7+ Kh8 {White must now prevent ...Bc6.} 33. Rd7 {[#]} Bd5 $1 {[%cal Re8e1][%mdl 512]} 34. Kb1 {[#]} (34. Rxd5 Re1#) 34... Re1+ (34... Re4 $1 $17 {And now ...Bc6 would win.} 35. Rxd5 Rxf4) 35. Bc1 $11 {[#]} Ba2+ $1 {[%mdl 512]} 36. Kxa2 {Strongly threatening Bf4.} Rxc1 37. Rxd4 Rxc2+ {KR-KR} 38. Kb3 Rd2 39. Rc4 {[#]} (39. Rg4 $11) 39... c2 $1 $17 {[%mdl 512]} 40. Kb2 (40. Rxc2 Rxc2) 40... Rd6 {Threatens to win with ...Rc6.} 41. Rxc2 (41. Kc1 $17 {is a better defense.}) 41... Rb6+ $19 42. Ka2 Kh7 43. Rc5 Kxh6 44. a4 $2 {[%mdl 8192]} (44. h5 $17) 44... Rb4 45. Ka3 Rxh4 46. Rc7 Rh3+ 47. Kb2 Kg6 48. Rxb7 (48. Rc8 $142 Rh7 49. Ra8) 48... Rh7 49. Rb8 Rc7 50. Kb3 f5 51. a5 f4 52. Kb4 f3 53. Rg8+ Kf5 54. Rf8+ Ke4 {Accuracy: White = 42%, Black = 80%.} 0-1

[Event "Hunan Belt and Road Open 2019"]
[Site "Hunan"]
[Date "2019.07.30"]
[Round "2.5"]
[White "Parligras, Mircea-Emilian"]
[Black "Wang, Chen"]
[Result "1-0"]
[WhiteElo "2638"]
[BlackElo "2476"]
[Annotator "TA"]
[PlyCount "126"]
[EventDate "2019.07.29"]
[EventType "swiss"]
[EventCountry "CHN"]
[SourceTitle "playchess.com"]
[Source "ChessBase"]
[SourceQuality "1"]

{[%evp 26,126,75,73,56,58,76,61,66,64,110,89,90,60,79,78,79,75,66,66,60,62,85,92,87,87,87,87,92,86,87,92,85,87,99,81,80,74,84,74,133,129,129,56,59,37,60,57,64,63,67,63,64,67,64,68,84,84,84,84,84,84,84,84,84,84,84,84,87,87,87,87,87,87,87,84,103,103,103,103,103,84,84,84,103,0,84,77,87,87,87,87,87,87,87,87,87,56,56,56,87,87,109]} 1. e4 c5 2. Nf3 e6 3. d4 cxd4 4. Nxd4 a6 5. c4 Nf6 6. Nc3 d6 7. Be3 Be7 8. Be2 O-O 9. O-O Qc7 10. Qd2 b6 11. f3 Bb7 12. Rfc1 Nbd7 13. a4 Rac8 14. a5 bxa5 {A31: Symmetrical English: 2 Nf3 Nf6 3 d4} 15. Nb3 Qb8 {With the idea ...Bxe4.} 16. Nxa5 Ba8 {White is slightly better.} 17. b4 Ne5 18. Rab1 d5 $146 ({Predecessor:} 18... Nc6 19. Na4 Nxa5 20. bxa5 Qc7 21. c5 d5 22. Bxa6 {1-0 (33) Cuenca Jimenez,J (2512)-Gonzalez,R (2451) Guatemala City 2019}) 19. exd5 Bxb4 20. Qd4 Qd6 21. dxe6 {Black must now prevent Rxb4!} Qxd4 22. Bxd4 Bxa5 23. Bxe5 {And now e7 would win.} fxe6 24. c5 Rfd8 25. Na4 Bd2 26. Bxa6 Rc6 27. Bb5 Be3+ {[#]} 28. Kf1 $1 {Threatens to win with Rc4.} Bxc1 29. Rxc1 Rd5 30. Bxf6 (30. Bg3 {is interesting.} Nd7 31. Bf2 Ne5 32. Be3 Kf7 33. Ke2) 30... gxf6 31. Bxc6 Bxc6 $16 {[%mdl 4096] Endgame KRB-KRN} 32. Nb6 Rd2 {[#]} ({Black should try} 32... Rd3) 33. Nc8 $1 {[%cal Rc8e7] Ne7+ is the strong threat.} Rd7 34. Nd6 ({Better is} 34. Rb1 $16) 34... Ra7 $1 $14 35. Re1 Bd5 36. Rb1 Ra2 37. Ne8 Kf7 38. Nc7 Rc2 39. Nxd5 exd5 {KR-KR} 40. Rb7+ Kg6 41. Rc7 d4 42. Rc8 d3 {Strongly threatening ...Rc1+.} 43. Rd8 d2 44. Ke2 d1=Q+ 45. Kxd1 Rxc5 46. Ke2 Rc2+ 47. Rd2 Rc4 48. Kf2 Ra4 49. Kg3 Ra5 50. Rd4 Rb5 51. Rg4+ Kf7 52. Kh4 Ra5 53. Rb4 Ra2 54. Kh3 Ra5 55. Kh4 Ra2 56. Kg3 Ra5 57. h4 h5 58. Kf4 Kg6 59. g4 Rc5 60. Re4 Ra5 61. Re8 Ra4+ 62. Kg3 $1 Kf7 63. Rd8 Kg6 {Accuracy: White = 81%, Black = 71%.} 1-0

[Event "Hunan Belt and Road Open 2019"]
[Site "Hunan"]
[Date "2019.07.30"]
[Round "2.6"]
[White "Zhao, Chenxi"]
[Black "Nguyen, Ngoc Truong Son"]
[Result "0-1"]
[WhiteElo "2400"]
[BlackElo "2636"]
[Annotator "TA"]
[PlyCount "46"]
[EventDate "2019.07.29"]
[EventType "swiss"]
[EventCountry "CHN"]
[SourceTitle "playchess.com"]
[Source "ChessBase"]
[SourceQuality "1"]

{[%evp 16,46,21,6,10,6,14,-2,14,0,12,0,4,-50,-41,-37,-38,-72,-63,-131,-131,-138,-137,-216,-213,-299,-287,-325,-319,-480,-460,-616,-483]} 1. e4 c5 2. Nf3 Nc6 3. Bb5 g6 4. Bxc6 dxc6 5. d3 Bg7 6. Nc3 Nf6 7. Be3 b6 8. h3 O-O 9. O-O e5 {B31: Sicilian: 2...Nc6 3 Bb5 g6} 10. a3 (10. Qd2 Re8 11. a4 a5 12. Ne2 c4 13. dxc4 Nxe4 14. Qxd8 Rxd8 15. Bxb6 Re8 16. b3 c5 17. Rad1 {1-0 (53) Van Foreest,J (2614)-Mamedov,R (2703) Skopje 2018}) 10... Qe7 11. Qe2 Nh5 {The position is equal.} 12. Rfb1 Nf4 13. Bxf4 $146 ({Predecessor:} 13. Qd2 Ne6 14. Bh6 Qf6 15. Ne2 Rd8 16. Bxg7 Nxg7 {½-½ (72) Fougerit,V (2233)-Desbonnes,S (2332) France 2009}) 13... exf4 14. Qd2 ({White should play} 14. Re1 $11) 14... g5 $15 15. Re1 h5 16. e5 g4 $36 {[%mdl 2048] Black has some pressure.} 17. hxg4 (17. Nh2 $15) 17... hxg4 $17 18. Nh2 Qg5 ({Not} 18... Bxe5 19. Qe2 $11) 19. Qe2 (19. g3 $17) 19... Re8 $19 {[%cal Rg7e5]} 20. Ne4 (20. Qd2 {was worth a try.} Bxe5 21. Ne2) 20... Qg6 21. Qd2 {Threatening Nf6+!} Bxe5 22. c3 (22. g3 $142 f5 23. gxf4 Bxb2 24. Rab1) 22... Bf5 23. d4 Bg7 {Accuracy: White = 19%, Black = 72%.} ({Weaker is} 23... Bxe4 24. dxe5 g3 25. fxg3 $17) 0-1

[Event "Hunan Belt and Road Open 2019"]
[Site "Hunan"]
[Date "2019.07.30"]
[Round "2.7"]
[White "Zhao, Jun"]
[Black "Chu, Wei Chao"]
[Result "1/2-1/2"]
[WhiteElo "2636"]
[BlackElo "2406"]
[Annotator "TA"]
[PlyCount "135"]
[EventDate "2019.07.29"]
[EventType "swiss"]
[EventCountry "CHN"]
[SourceTitle "playchess.com"]
[Source "ChessBase"]
[SourceQuality "1"]

{[%evp 9,135,24,24,24,26,0,0,0,0,-6,4,5,8,10,18,12,16,4,12,6,7,5,2,8,8,8,16,2,20,3,12,0,17,0,0,0,0,-16,-16,-10,-18,-4,0,-8,0,0,0,-15,-2,-5,0,0,3,3,8,10,12,11,41,17,16,8,8,8,8,8,8,8,7,7,7,7,7,7,8,8,8,8,8,8,8,8,8,8,8,8,8,8,8,0,8,0,0,0,0,0,0,0,0,0,0,0,0,0,0,0,0,0,0,0,0,-8,-8,-8,0,0,0,0,0,0,0,0,0,0,0,0,0,0]} 1. e4 c5 2. Nc3 d6 3. d4 cxd4 4. Qxd4 a6 (4... Nc6 5. Qd2 Nf6 6. b3 e6 7. Bb2 d5 8. exd5 exd5 9. O-O-O Be6 10. a3 Bc5 11. Nf3 {½-½ (49) Caruana,F (2819)-Vachier Lagrave,M (2773) Karlsruhe/Baden Baden 2019}) 5. Bg5 Nc6 6. Qd2 {B23: Closed Sicilian: Lines without g3} h6 7. Be3 {[#] Black must now prevent Nd5.} Nf6 8. f4 $146 ({Predecessor:} 8. Nf3 Ng4 9. Nd5 Nxe3 10. Qxe3 Bg4 11. O-O-O {1-0 (43) Barbero Sendic,A (2326)-Narayanan,S (2464) Montcada 2013}) 8... Ng4 9. Nf3 Nxe3 (9... e6 {keeps more tension.} 10. O-O-O b5 11. Bg1 Bb7 12. Qe1 Qa5) 10. Qxe3 e6 11. O-O-O Qa5 12. h4 Bd7 13. Kb1 O-O-O 14. Bc4 Kb8 15. Bb3 Qc5 16. Qe2 Na5 17. Rd4 Be7 18. Rhd1 Nxb3 19. axb3 Bc6 20. Nd5 Bf8 (20... exd5 {seems wilder.} 21. exd5 Bf6 22. dxc6 Bxd4 23. Nxd4 Rhe8) 21. b4 Qa7 $1 22. Nc3 Be7 23. b5 axb5 24. Nxb5 Qa6 25. c4 Qb6 26. Nc3 Bf6 27. R4d3 Qb4 28. Re3 Qc5 29. Qd3 Rhe8 30. g3 g6 31. Nd4 Bxd4 32. Qxd4 Qxd4 33. Rxd4 f5 34. Red3 {Threatening e5.} Kc7 {The position is equal.} 35. e5 dxe5 36. Rxd8 Rxd8 37. Rxd8 Kxd8 38. fxe5 $11 {[%mdl 4096] Endgame KB-KN} g5 39. hxg5 hxg5 40. Kc2 Ke7 41. b4 Kf7 42. Kd3 Kg6 43. b5 Bg2 44. Ke3 {Black should prevent c5.} Kf7 45. Kf2 Bh1 $1 46. Na4 Ke8 47. Nc5 Ke7 48. Ke3 Bg2 49. Kf2 Bh1 50. Nb3 b6 51. c5 bxc5 52. Nxc5 {[#] Strongly threatening b6.} Bd5 53. Ke3 Kd8 54. b6 Kc8 55. Kf2 Kb8 56. Ke2 Kc8 57. Ke3 Kb8 58. Kd3 Kc8 59. Kd4 Kb8 60. Nd7+ Kb7 61. Nf6 Kxb6 62. Nxd5+ exd5 {K3P-KPP} 63. e6 {White threatens e7 and mate.} Kc7 $1 {Hoping for ...f4.} 64. Kxd5 f4 65. gxf4 gxf4 {( -> ...f3)} 66. Ke4 Kd6 67. Kxf4 Kxe6 68. Ke4 {Accuracy: White = 61%, Black = 74%.} 1/2-1/2

[Event "Hunan Belt and Road Open 2019"]
[Site "Hunan"]
[Date "2019.07.30"]
[Round "2.8"]
[White "Radovanovic, Mihajlo"]
[Black "Wei, Yi"]
[Result "0-1"]
[WhiteElo "2500"]
[BlackElo "2737"]
[Annotator "TA"]
[PlyCount "94"]
[EventDate "2019.07.29"]
[EventType "swiss"]
[EventCountry "CHN"]
[SourceTitle "playchess.com"]
[Source "ChessBase"]
[SourceQuality "1"]

{[%evp 26,94,-20,-27,0,0,0,0,0,0,0,0,0,0,0,0,0,0,0,0,0,0,18,17,16,0,2,0,0,0,0,0,0,0,0,0,0,0,0,0,0,0,0,0,0,0,0,0,0,0,0,0,22,0,0,0,0,0,0,0,10,16,16,-29954,-6103,-29971,-29967,-29974,-29976,-29973,-29974]} 1. d4 Nf6 2. c4 e6 3. Nc3 Bb4 4. a3 Bxc3+ 5. bxc3 c5 6. e3 Nc6 7. Bd3 O-O 8. Ne2 b6 9. e4 Ne8 10. O-O Ba6 11. f4 f5 12. Ng3 g6 13. Be3 cxd4 14. cxd4 d5 {E29: Nimzo-Indian: Sämisch: 5...0-0 6 e3 c5 7 Bd3 Nc6} (14... Nf6 {seems wilder.} 15. Re1 Ng4 16. exf5 exf5 17. d5 Qh4) 15. cxd5 $1 Bxd3 16. Qxd3 fxe4 {The position is equal.} 17. Nxe4 (17. Qxe4 Qxd5 18. Qxd5 exd5 19. Rac1 Ne7 20. Bd2 Rf7 21. Be3 Nc6 22. Bd2 Ne7 {½-½ (22) Bluvshtein,M (2590)-Mareco,S (2627) Moscow 2011}) 17... Qxd5 18. Rad1 Rd8 19. Rfe1 $146 ({Predecessor:} 19. g4 Nd6 20. Nc3 Qc4 21. d5 Qxd3 22. Rxd3 {0-1 (53) Hamilton,D (2229)-Rej,T (2283) Parramatta 2008}) 19... Ng7 20. Ng5 e5 21. fxe5 Nxe5 {[%mdl 64] Pin} 22. Qe4 Nc4 23. Bc1 Nf5 24. Qe6+ Kh8 25. Re4 h6 26. Qxg6 {[%csl Gg5][%cal Rg6h7]} hxg5 {[#]} 27. Rd3 $1 {[%cal Rd3h3][%mdl 512] White wants to mate with Rh3+.} Qxe4 {[%cal Re4e1]} 28. Rh3+ {[#]} Qh4 $1 {[%cal Rh4h3]} 29. Rxh4+ gxh4 30. Qh5+ Kg7 31. Qg5+ Kh7 32. Qh5+ Kg8 33. Qg6+ $1 Kh8 34. Qh5+ Kg8 35. Qg6+ $1 Ng7 {[#]} 36. Bh6 $1 {[%csl Gh6][%cal Rg6g7][%mdl 512]} Rd7 {Strongly threatening ...Re8.} 37. Bxg7 $1 Rxg7 38. Qe6+ {[%mdl 64] Double Attack} Kh8 39. Qh6+ Kg8 {Threatens to win with ...Re8.} 40. Qe6+ {[%mdl 64] Double Attack} Kh7 {aiming for ...Nd2.} 41. Qxc4 $11 {[%mdl 4096] Endgame Black must now prevent d5. KQ-KRR} Rfg8 $1 42. Qd3+ Kh8 43. Qe4 Rxg2+ 44. Qxg2 $4 {[%mdl 8192] [#]} (44. Kf1 $11 R8g4 45. Qa8+ (45. Qxg2 Rxg2 46. Kxg2 Kg7 $11) 45... Kh7 46. Qxa7+ Rg7 47. Qxb6) 44... b5 $1 45. Qxg8+ Kxg8 {Black mates.} 46. Kg2 a5 {[%cal Ba7a5,Ba5a4][%mdl 32]} 47. Kf3 {[#]} a4 $1 {Accuracy: White = 67%, Black = 82%.} 0-1

[Event "Hunan Belt and Road Open 2019"]
[Site "Hunan"]
[Date "2019.07.30"]
[Round "2.9"]
[White "Yu, Yangyi"]
[Black "Xu, Zhihang"]
[Result "1-0"]
[WhiteElo "2736"]
[BlackElo "2501"]
[Annotator "TA"]
[PlyCount "173"]
[EventDate "2019.07.29"]
[EventType "swiss"]
[EventCountry "CHN"]
[SourceTitle "playchess.com"]
[Source "ChessBase"]
[SourceQuality "1"]

{[%evp 19,173,12,41,41,41,41,41,39,39,40,31,28,41,43,40,45,52,33,56,52,85,45,52,48,49,39,38,40,41,27,27,21,55,35,74,27,12,22,21,23,39,28,17,34,38,17,20,19,37,0,4,10,51,29,35,43,41,0,0,0,0,0,8,6,8,0,52,52,51,47,51,10,127,8,19,6,68,59,83,87,92,92,114,114,114,114,114,115,145,139,140,126,179,143,430,412,370,344,622,620,590,595,598,582,548,367,758,754,695,653,758,740,789,697,728,509,435,0,789,789,978,402,396,312,308,125,272,270,305,293,293,261,239,0,407,0,352,359,352,345,323,319,733,733,733,733,725,675,29964,29963,29964,29965,29943,2026,29961,12363]} 1. e4 c5 2. Nf3 Nc6 3. d4 cxd4 4. Nxd4 g6 5. c4 Nf6 6. Nc3 d6 7. Nc2 Bg7 8. Be2 Nd7 9. Bd2 O-O 10. O-O a5 11. Be3 {B37: Sicilian: Maroczy Bind with 5...Bg7, sidelines} (11. Re1 Nc5 12. Bf1 Ne5 13. Be3 Be6 14. Bd4 a4 15. Ne3 Bd7 16. Qd2 Ne6 17. Ne2 Nxd4 18. Nxd4 Nc6 {0-1 (56) Inarkiev,E (2693)-Mamedov,R (2703) St Petersburg 2018}) 11... Nc5 12. f3 Be6 13. Qd2 {White is slightly better.} a4 14. Rac1 Qa5 15. Na3 Rfc8 16. Rfd1 Qb4 17. Bf1 Nd7 18. Rc2 Nce5 $146 ({Predecessor:} 18... Qa5 19. Qf2 f5 20. exf5 Bxf5 {1-0 (29) Strikovic,A (2523)-Radosavljevic,S (2248) Belgrade 2009}) 19. Rdc1 Qa5 20. Nd5 Qxd2 21. Bxd2 Nc6 22. Nb5 Kf8 23. Be3 Rab8 24. b4 axb3 25. axb3 Nc5 26. b4 Na6 27. Bd2 Nd4 28. Nxd4 Bxd4+ 29. Kh1 Nc7 30. Bh6+ Ke8 31. Rd2 Bxd5 32. cxd5 Bb6 33. Rdc2 Kd8 34. Bg5 (34. g3 $5 {[%cal Rf1h3]}) 34... f6 35. Bd2 Na6 (35... Ra8 {looks sharper.} 36. h3 Ra3 37. Kh2 Rca8 38. Bc4 Bf2) 36. g3 Rxc2 37. Rxc2 Nc7 38. h4 Ra8 39. Bh3 Ra3 40. Kg2 e6 41. dxe6 Ke7 $1 42. Bh6 (42. f4 {with more complications.} d5 43. exd5 Nxd5 44. Bg4 f5 45. Bf3) 42... Nxe6 (42... Rb3 $11) 43. Bxe6 $14 Kxe6 $11 {[%mdl 4096] Endgame KRB-KRB} 44. Rc8 $1 Rb3 45. Rb8 Bc7 (45... Kd7 $1 $11 {remains equal.}) 46. Rxb7 (46. Re8+ $1 $16 Kd7 47. Rh8) 46... Kd7 47. Bg7 Kc6 (47... Rb2+ $11 48. Kf1 Rb3) 48. Ra7 $14 Rb2+ 49. Kh3 Rxb4 50. Bxf6 Rb3 51. Kg4 h5+ 52. Kg5 $1 Rxf3 53. Kxg6 Bb6 54. Ra6 Kb5 55. Ra2 Rxg3+ (55... Bf2 $16 {keeps fighting.}) 56. Kxh5 $18 Kc4 $2 {[%mdl 8192]} (56... Rg8 $16 57. Rb2+ Kc6) 57. Rc2+ Kb5 58. Bg5 Bc5 $2 (58... Bd4 59. Kg6 Rg1) 59. Kg6 Bd4 60. Kf5 Rh3 61. Kg4 Rh1 62. h5 Rg1+ $2 (62... Re1 63. Kf5 d5 64. exd5 Re5+ 65. Kg6 Rxd5) 63. Kf5 Rf1+ 64. Ke6 Re1 65. Kd5 Be5 66. h6 Rg1 67. Be3 Re1 68. Bg5 $2 (68. Bd2 $18 Re2 69. h7) 68... Rd1+ $2 {[%mdl 8192]} (68... Rg1 $11) 69. Ke6 Rg1 70. Bc1 (70. Kf5 $142 Rf1+ 71. Kg6) 70... Re1 71. Kf5 Rf1+ 72. Kg4 (72. Kg5 $18 {is more deadly.}) 72... Rg1+ (72... Re1 $16 73. Kf5 Rf1+ 74. Ke6 Re1 75. Kf5) 73. Kh5 $1 Rh1+ 74. Kg6 Rg1+ 75. Kf7 $1 Rf1+ 76. Ke6 $2 (76. Ke7 $1) 76... Re1 $1 77. Bg5 $2 ({White should try} 77. h7 $18) 77... Rxe4 $2 {[%mdl 8192]} (77... Rg1 $1 $11) 78. h7 Re1 79. Rc1 $1 {[%cal Rc1e1]} Re2 {[#] Now ...Bf4+ and Black clings on.} 80. Rh1 $1 {Threatens to win with Bf6.} Bh8+ $2 (80... Bg7+ 81. Kf7 (81. Kxd6 Kc4 $18) 81... Bh8) 81. Kxd6 Rg2 82. Rh5 {Bf6+ is the strong threat.} Kc4 83. Ke6 Kd3 84. Bf6 Re2+ {[#]} 85. Kf7 $1 Rf2 86. Rh6 Ke4 87. Ke6 {Accuracy: White = 68%, Black = 44%.} (87. Ke7 $142 Bxf6+ 88. Rxf6 Rh2 89. Rf7 Kd4 90. Kf8 Rh5 91. Kg7 Kc5 92. h8=Q Rxh8 93. Kxh8) 1-0